[Event "Novokuznetsk Old Stager op"]
[Site "Novokuznetsk"]
[Date "2015.01.25"]
[Round "5"]
[White "Krapivina, Rimma"]
[Black "Parygin, Dmitriy"]
[Result "0-1"]
[WhiteElo "1852"]
[BlackElo "1817"]
[PlyCount "74"]
[EventDate "2015.01.10"]
[EventType "swiss"]
[EventRounds "9"]
[EventCountry "RUS"]
[SourceTitle "EXT 2018"]
[Source "ChessBase"]
[SourceDate "2017.10.13"]
[SourceVersion "1"]
[SourceVersionDate "2017.10.13"]
[SourceQuality "1"]

1. d4 Nf6 2. c4 e5 3. d5 Bb4+ 4. Nc3 Ne4 5. Qd3 Nxc3 6. bxc3 Be7 7. g3 d6 8. Bg2 0-0 9. e4 f5 10. Ne2 Nd7 11. Ba3 fxe4 12. Bxe4 Nf6 13. Bg2 Ng4 14. 0-0 Bf5 15. Be4 Qd7 16. f3 Bxe4 17. Qxe4 Nf6 18. Qd3 b6 19. Bc1 Rf7 20. Kg2 Raf8 21. Bd2 Bd8 22. a4 a5 23. g4 e4 24. fxe4 Qxg4+ 25. Ng3 Nh5 26. Rxf7 Rxf7 27. Rf1 Rxf1 28. Kxf1 Qd1+ 29. Kf2 Nxg3 30. Qxg3 Qxd2+ 31. Kf1 Bg5 32. Qh3 Qf4+ 33. Kg1 Qe3+ 34. Kg2 Qxh3+ 35. Kxh3 Kf7 36. Kg4 Kf6 37. h4 Bd2 0-1

[Event "Novokuznetsk Old Stager op"]
[Site "Novokuznetsk"]
[Date "2015.01.24"]
[Round "4"]
[White "Bychkov, Alexandr Alexey"]
[Black "Krapivina, Rimma"]
[Result "1-0"]
[WhiteElo "2085"]
[BlackElo "1852"]
[PlyCount "95"]
[EventDate "2015.01.10"]
[EventType "swiss"]
[EventRounds "9"]
[EventCountry "RUS"]
[SourceTitle "EXT 2018"]
[Source "ChessBase"]
[SourceDate "2017.10.13"]
[SourceVersion "1"]
[SourceVersionDate "2017.10.13"]
[SourceQuality "1"]

1. e4 c5 2. Nf3 e6 3. d4 b6 4. d5 Qc7 5. Nc3 a6 6. Be2 Bb7 7. 0-0 Bd6 8. Re1 Ne7 9. e5 Bxe5 10. Nxe5 Qxe5 11. Bxa6 Qxe1+ 12. Qxe1 Nxa6 13. dxe6 fxe6 14. Bg5 Nf5 15. Rd1 Bc6 16. Ne4 0-0 17. c3 Nc7 18. a3 Nd5 19. c4 Nf6 20. Bxf6 gxf6 21. f3 Kh8 22. Qc3 Nd4 23. Rxd4 cxd4 24. Qxd4 e5 25. Qe3 Kg7 26. Nd6 Rab8 27. f4 exf4 28. Qxf4 Kh8 29. Qg3 Ra8 30. h4 Ra5 31. b4 Re5 32. b5 Ba8 33. Qf2 Re7 34. Nf5 Ref7 35. Qd4 Rg8 36. g3 d5 37. cxd5 Rd8 38. d6 Bf3 39. Kf2 Bh5 40. Qxb6 Rfd7 41. Qd4 Rf7 42. a4 Bg6 43. Ne7 Rxe7 44. Qxf6+ Kg8 45. Qxe7 Re8 46. Qg5 Rf8+ 47. Kg1 Rf5 48. d7 1-0

[Event "Novokuznetsk Old Stager op"]
[Site "Novokuznetsk"]
[Date "2015.01.11"]
[Round "2"]
[White "Prokofieva, Eleonora"]
[Black "Krapivina, Rimma"]
[Result "0-1"]
[WhiteElo "1787"]
[BlackElo "1852"]
[PlyCount "106"]
[EventDate "2015.01.10"]
[EventType "swiss"]
[EventRounds "9"]
[EventCountry "RUS"]
[SourceTitle "EXT 2018"]
[Source "ChessBase"]
[SourceDate "2017.10.13"]
[SourceVersion "1"]
[SourceVersionDate "2017.10.13"]
[SourceQuality "1"]

1. c4 c5 2. g3 Nc6 3. Bg2 g6 4. Nc3 Bg7 5. e3 d6 6. Nge2 Be6 7. d3 Qc8 8. Nf4 Bf5 9. 0-0 h5 10. e4 Bg4 11. f3 Bd7 12. Be3 Nd4 13. Rb1 a6 14. a4 Rb8 15. a5 Nc6 16. Ra1 e6 17. Na4 Qd8 18. Nb6 Bxb2 19. Ra2 Bc3 20. Nxd7 Qxd7 21. Qb3 Bxa5 22. Qb2 Rh7 23. Bh3 Bb4 24. Nd5 Qd8 25. Nxb4 Nxb4 26. Ra3 Qf6 27. d4 b6 28. e5 dxe5 29. dxe5 Qd8 30. Qe2 Ne7 31. Rd1 Qc7 32. Bf4 Nec6 33. Rd6 Nd4 34. Qb2 a5 35. Re3 Qe7 36. Ra3 g5 37. Bc1 f5 38. f4 g4 39. Bg2 h4 40. Be3 Nf3+ 41. Bxf3 gxf3 42. Bf2 hxg3 43. Bxg3 Qb7 44. Rxe6+ Re7 45. Rd6 Qe4 46. Qc1 Nc2 47. Rc3 Nd4 48. Re3 Ne2+ 49. Rxe2 Qxe2 50. Rd2 Qe4 51. Kf2 Rd7 52. Rc2 Rd3 53. Qf1 Qe3# 0-1

[Event "Novokuznetsk Kustov op"]
[Site "Novokuznetsk"]
[Date "2014.10.04"]
[Round "2"]
[White "Gumbarg, Vladislav"]
[Black "Krapivina, Rimma"]
[Result "0-1"]
[WhiteElo "1821"]
[BlackElo "1893"]
[PlyCount "204"]
[EventDate "2014.09.28"]
[EventType "swiss"]
[EventRounds "9"]
[EventCountry "RUS"]
[SourceTitle "EXT 2018"]
[Source "ChessBase"]
[SourceDate "2017.10.13"]
[SourceVersion "1"]
[SourceVersionDate "2017.10.13"]
[SourceQuality "1"]

1. e4 c5 2. Nc3 e6 3. Nge2 a6 4. g3 Nc6 5. Bg2 Nf6 6. d3 h6 7. h3 Qc7 8. f4 d6 9. 0-0 Be7 10. a3 Rb8 11. g4 Nd4 12. Be3 Nb5 13. Nxb5 axb5 14. Qd2 Bd7 15. Ng3 Bc6 16. Qf2 0-0 17. f5 e5 18. g5 hxg5 19. Bxg5 Nh7 20. Bxe7 Qxe7 21. Nh5 Qg5 22. Qf3 f6 23. Kh2 Be8 24. Ng3 Qh4 25. Rg1 Ng5 26. Qg4 Qxg4 27. hxg4 Kf7 28. Rh1 Ke7 29. Kg1 Bc6 30. Kf2 Ra8 31. Ra2 Ra7 32. Ke2 Rfa8 33. Rha1 b4 34. c4 bxc3 35. bxc3 b5 36. Kd2 b4 37. Rb2 bxa3 38. Rb6 Kd7 39. Nh5 Kc7 40. Rbb1 Rh8 41. Rb3 a2 42. Rb2 Rha8 43. Nxg7 c4 44. Nh5 cxd3 45. Nxf6 Ra5 46. Kxd3 Bb5+ 47. c4 Ra3+ 48. Kd2 Bxc4 49. Rc2 Rd3+ 50. Kc1 Rd4 51. Bf1 Ra4 52. Bxc4 Rdxc4 53. Raxa2 Kd8 54. Rxa4 Rxa4 55. Re2 Ke7 56. Nd5+ Kf7 57. Nc3 Ra1+ 58. Nb1 Kf6 59. Kb2 Ra8 60. Nd2 Rc8 61. Rh2 Nf7 62. Nf3 Rc4 63. g5+ Kg7 64. g6 Nh6 65. Rh4 Rc8 66. Ng5 Kf6 67. Ne6 Nxf5 68. exf5 Kxf5 69. Rh6 Kxe6 70. g7+ Kf7 71. Rxd6 Kxg7 72. Re6 Rc5 73. Rd6 Kf7 74. Rd3 Ke6 75. Rc3 Rd5 76. Kc2 e4 77. Rc8 Ke5 78. Rf8 e3 79. Re8+ Kf4 80. Rf8+ Ke4 81. Re8+ Kf3 82. Rf8+ Ke2 83. Rf7 Ke1 84. Rf8 e2 85. Rf7 Rd2+ 86. Kc1 Rd6 87. Rf8 Rc6+ 88. Kb2 Rc5 89. Kb3 Rc7 90. Kb2 Rc6 91. Rf7 Rh6 92. Kc2 Rh2 93. Rf8 Rf2 94. Rh8 Kf1 95. Rh1+ Kg2 96. Re1 Kf3 97. Kd3 Rh2 98. Kd2 Rg2 99. Kd3 Rg7 100. Rh1 Rd7+ 101. Kc2 Kg2 102. Re1 Kf2 0-1

[Event "Novokuznetsk-ch (Women)"]
[Site "Novokuznetsk"]
[Date "2014.08.31"]
[Round "2"]
[White "Kheyfets, Nataliya"]
[Black "Krapivina, Rimma"]
[Result "1-0"]
[WhiteElo "1860"]
[BlackElo "1893"]
[PlyCount "53"]
[EventDate "2014.08.30"]
[EventType "swiss"]
[EventRounds "7"]
[EventCountry "RUS"]
[SourceTitle "EXT 2018"]
[Source "ChessBase"]
[SourceDate "2017.10.13"]
[SourceVersion "1"]
[SourceVersionDate "2017.10.13"]
[SourceQuality "1"]

1. e4 c5 2. c3 e6 3. d4 b6 4. Be2 Bb7 5. Bf3 Qc7 6. Ne2 Ne7 7. Bf4 d6 8. dxc5 Ng6 9. cxd6 Qd7 10. 0-0 e5 11. Be3 Bxd6 12. Ng3 0-0 13. Nf5 Be7 14. c4 Rc8 15. Qe2 Bf8 16. Nc3 Nc6 17. Rfd1 Qc7 18. Nd5 Qb8 19. Bg4 Rd8 20. Qf3 Bc5 21. a4 Bc8 22. a5 Nf8 23. Nfe7+ Nxe7 24. Nxe7+ Kh8 25. Rxd8 Bxg4 26. Qxf7 Be6 27. Qxf8+ 1-0

[Event "Novokuznetsk-ch (Women)"]
[Site "Novokuznetsk"]
[Date "2012.09.15"]
[Round "7"]
[White "Krapivina, Rimma"]
[Black "Vorobyova, Alyona"]
[Result "0-1"]
[WhiteElo "1907"]
[BlackElo "1979"]
[PlyCount "96"]
[EventDate "2012.08.25"]
[EventType "swiss"]
[EventRounds "7"]
[EventCountry "RUS"]
[SourceTitle "EXT 2022"]
[Source "ChessBase"]
[SourceDate "2021.10.06"]
[SourceVersion "1"]
[SourceVersionDate "2021.10.06"]
[SourceQuality "1"]

1. d4 Nf6 2. c4 c5 3. d5 e6 4. Nc3 exd5 5. cxd5 d6 6. Bg5 h6 7. Bh4 Be7 8. Bg3 0-0 9. e3 a6 10. a4 Qa5 11. Bc4 Ne4 12. Nge2 Nxg3 13. hxg3 Nd7 14. f4 Nf6 15. 0-0 Bf5 16. Bd3 Bg4 17. Qc2 Qb6 18. a5 Qc7 19. Bf5 Bh5 20. b3 Rfe8 21. Qd3 Bf8 22. Rfe1 Qe7 23. Nd1 g6 24. Bh3 Bg7 25. Ra4 Rab8 26. Nec3 b5 27. axb6 Rxb6 28. Nf2 Rxb3 29. Qc4 Qb7 30. Nce4 Nxe4 31. Nxe4 Rb1 32. Rxb1 Qxb1+ 33. Kh2 Be2 34. Qxe2 Rxe4 35. Rxa6 Qb8 36. Bd7 Kh7 37. Bc6 Qb3 38. Ra7 Rxe3 39. Qf2 Kg8 40. Ra8+ Bf8 41. g4 Kg7 42. g5 hxg5 43. fxg5 Qc3 44. Qh4 Qe5+ 45. g3 Re2+ 46. Kh3 Qf5+ 47. g4 Qf3+ 48. Qg3 Qh1+ 0-1

[Event "Novokuznetsk-ch (Women)"]
[Site "Novokuznetsk"]
[Date "2012.09.01"]
[Round "3"]
[White "Lyashenko, Anna"]
[Black "Krapivina, Rimma"]
[Result "1-0"]
[WhiteElo "2054"]
[BlackElo "1907"]
[PlyCount "51"]
[EventDate "2012.08.25"]
[EventType "swiss"]
[EventRounds "7"]
[EventCountry "RUS"]
[SourceTitle "EXT 2022"]
[Source "ChessBase"]
[SourceDate "2021.10.06"]
[SourceVersion "1"]
[SourceVersionDate "2021.10.06"]
[SourceQuality "1"]

1. e4 c5 2. Nf3 b6 3. d4 Bb7 4. Nc3 g6 5. Be3 d6 6. Be2 Bg7 7. 0-0 Nd7 8. Ne1 Ngf6 9. f3 0-0 10. g4 a6 11. a4 e6 12. Ng2 Qc7 13. g5 Ne8 14. f4 e5 15. dxe5 dxe5 16. f5 gxf5 17. exf5 f6 18. Bc4+ Kh8 19. g6 Rg8 20. Qh5 Nf8 21. Nh4 h6 22. Bxh6 Nd6 23. Bg5+ Bh6 24. Qxh6+ Nh7 25. Bxf6+ Rg7 26. Qxh7# 1-0

[Event "Novokuznetsk-ch (Women)"]
[Site "Novokuznetsk"]
[Date "2012.08.25"]
[Round "1"]
[White "Krapivina, Rimma"]
[Black "Kuznetsova, Luba"]
[Result "1/2-1/2"]
[WhiteElo "1907"]
[BlackElo "2061"]
[PlyCount "51"]
[EventDate "2012.08.25"]
[EventType "swiss"]
[EventRounds "7"]
[EventCountry "RUS"]
[SourceTitle "EXT 2022"]
[Source "ChessBase"]
[SourceDate "2021.10.06"]
[SourceVersion "1"]
[SourceVersionDate "2021.10.06"]
[SourceQuality "1"]

1. d4 d5 2. c4 c6 3. Bf4 e6 4. e3 f5 5. Nc3 Nf6 6. c5 Be7 7. h3 Nbd7 8. b4 0-0 9. Nf3 Ne4 10. Rc1 Ndf6 11. Bd3 Qe8 12. Ne5 a5 13. a3 axb4 14. axb4 Nxc3 15. Rxc3 Ne4 16. Bxe4 fxe4 17. 0-0 Bf6 18. Qc2 Bxe5 19. Bxe5 Qh5 20. Rb3 Bd7 21. Kh2 Ra6 22. Rb2 Rfa8 23. g4 Qf7 24. Qe2 Ra1 25. Rxa1 Rxa1 26. Kg2 1/2-1/2

[Event "Sibiria Region-ch Seniors"]
[Site "Prokopevsk"]
[Date "2012.03.13"]
[Round "2"]
[White "Borisenko, Alexandr"]
[Black "Krapivina, Rimma"]
[Result "1/2-1/2"]
[WhiteElo "1959"]
[BlackElo "1917"]
[PlyCount "46"]
[EventDate "2012.03.12"]
[EventType "swiss"]
[EventRounds "9"]
[EventCountry "RUS"]
[SourceTitle "EXT 2013"]
[Source "ChessBase"]
[SourceDate "2012.11.22"]
[SourceVersion "1"]
[SourceVersionDate "2012.11.22"]
[SourceQuality "1"]

1. d4 d5 2. c4 c6 3. Nf3 Nf6 4. e3 g6 5. Nc3 Bg7 6. Bd3 a6 7. a4 Nbd7 8. 0-0 Nb6 9. b3 Be6 10. c5 Nbd7 11. Qc2 Nh5 12. Ng5 Nf8 13. f4 Bg4 14. h3 Bd7 15. g4 Nf6 16. Nf3 Qc8 17. Ne5 h5 18. Nxd7 Qxd7 19. g5 Ne4 20. Kh2 Nxc3 21. Qxc3 f5 22. Bd2 Ne6 23. h4 Kf7 1/2-1/2

[Event "Novokuznetsk op (Women)"]
[Site "Novokuznetsk"]
[Date "2011.??.??"]
[Round "5"]
[White "Krapivina, Rimma"]
[Black "Lyashenko, Anna"]
[Result "0-1"]
[WhiteElo "1926"]
[BlackElo "2021"]
[PlyCount "94"]
[EventDate "2011.09.10"]
[EventType "swiss"]
[EventRounds "7"]
[EventCountry "RUS"]
[SourceTitle "CBM 144 Extra"]
[Source "ChessBase"]
[SourceDate "2011.10.28"]
[SourceVersion "1"]
[SourceVersionDate "2011.10.28"]
[SourceQuality "1"]

1. d4 Nf6 2. c4 g6 3. Nc3 Bg7 4. e4 d6 5. Nf3 Nbd7 6. Bd3 0-0 7. 0-0 e5 8. d5 Nc5 9. h3 Nxd3 10. Qxd3 Nh5 11. Nh2 f5 12. exf5 Bxf5 13. Ne4 Nf4 14. Qc2 Qh4 15. f3 Nh5 16. Qf2 Qe7 17. Re1 Qd7 18. Qh4 Nf4 19. g4 Bxe4 20. fxe4 g5 21. Qg3 Qa4 22. b3 Qa5 23. Re3 Qc5 24. Kh1 Rf6 25. Bd2 Rh6 26. Qe1 Nxh3 27. Rf3 Nf4 28. Be3 Qa3 29. Bc1 Qa6 30. a4 b6 31. Qc3 Qc8 32. Ra2 Qxg4 33. Rg3 Qd1+ 34. Rg1 Ne2 35. Rxd1 Nxc3 36. Rad2 Nxd1 37. Rxd1 Bf6 38. Kg2 Rh4 39. Re1 Rf8 40. Kg3 h5 41. Re2 g4 42. Be3 Rh3+ 43. Kg2 Kg7 44. Nf1 Kg6 45. Ng3 Bg5 46. b4 Rf3 47. Bxg5 Rhxg3+ 0-1

[Event "Novokuznetsk op (Women)"]
[Site "Novokuznetsk"]
[Date "2011.??.??"]
[Round "7"]
[White "Krapivina, Rimma"]
[Black "Sichinskaya, Anastasiya"]
[Result "1-0"]
[WhiteElo "1926"]
[BlackElo "1928"]
[PlyCount "113"]
[EventDate "2011.09.10"]
[EventType "swiss"]
[EventRounds "7"]
[EventCountry "RUS"]
[SourceTitle "CBM 144 Extra"]
[Source "ChessBase"]
[SourceDate "2011.10.28"]
[SourceVersion "1"]
[SourceVersionDate "2011.10.28"]
[SourceQuality "1"]

1. d4 d5 2. c4 e6 3. Nf3 c5 4. e3 Nc6 5. Nc3 Nf6 6. a3 a6 7. b3 Be7 8. Be2 0-0 9. 0-0 h6 10. dxc5 Bxc5 11. b4 Bb6 12. Qb3 dxc4 13. Bxc4 Bc7 14. Bb2 Ne5 15. Be2 Qd6 16. g3 Qc6 17. Nd4 Qd7 18. Rfd1 Qe7 19. a4 Rd8 20. b5 Bd6 21. h3 g5 22. bxa6 bxa6 23. f4 gxf4 24. exf4 Ng6 25. Bf3 Rb8 26. Qc2 Bb7 27. Bxb7 Qxb7 28. Rab1 Qa7 29. Kf1 Bxf4 30. Nce2 Be5 31. Nc6 Qc7 32. Rdc1 Rbc8 33. Qb3 Ne4 34. Qe3 Nd2+ 35. Kg1 Nxb1 36. Nxe5 Qb7 37. Rxb1 Rc2 38. Nxg6 Rxb2 39. Rxb2 Qxb2 40. Qxh6 Qb1+ 41. Kf2 Qxg6 42. Qh4 Rd2 43. Qc4 Rd6 44. g4 Qd3 45. Qf4 Qd2 46. Qc4 a5 47. h4 e5 48. g5 Rd4 49. Qb5 e4 50. Qe8+ Kg7 51. Qe5+ Kg6 52. Qxd4 Qc2 53. Ke3 Kh5 54. Qxe4 Qb3+ 55. Kf2 Qb6+ 56. Kg2 Qb3 57. Ng3+ 1-0

[Event "Novokuznetsk-ch op"]
[Site "Novokuznetsk"]
[Date "2010.12.11"]
[Round "8"]
[White "Leontiev, Oleg"]
[Black "Krapivina, Rimma"]
[Result "1-0"]
[WhiteElo "1783"]
[BlackElo "1942"]
[PlyCount "55"]
[EventDate "2010.11.14"]
[EventType "swiss"]
[EventRounds "9"]
[EventCountry "RUS"]
[SourceTitle "EXT 2022"]
[Source "ChessBase"]
[SourceDate "2021.10.06"]
[SourceVersion "1"]
[SourceVersionDate "2021.10.06"]
[SourceQuality "1"]

1. c4 c5 2. Nc3 Nc6 3. g3 d6 4. Bg2 g6 5. Nf3 Bg7 6. 0-0 Nf6 7. a3 Rb8 8. d3 Bd7 9. Bd2 Qc8 10. Rb1 Bh3 11. b4 Bxg2 12. Kxg2 h5 13. h4 b6 14. Qa4 Qd7 15. bxc5 dxc5 16. Nb5 Rb7 17. Rfc1 Ng4 18. Bc3 Nd4 19. Bxd4 cxd4 20. c5 bxc5 21. Nc7+ Kd8 22. Qxd7+ Kxd7 23. Rxb7 Kc6 24. Rcb1 Rc8 25. Na6 Kd6 26. Rxa7 Rc6 27. Nb8 Rc8 28. Rb6+ 1-0

[Event "Novokuznetsk-ch op"]
[Site "Novokuznetsk"]
[Date "2010.11.27"]
[Round "4"]
[White "Oschepkov, Dmitri"]
[Black "Krapivina, Rimma"]
[Result "1-0"]
[WhiteElo "2108"]
[BlackElo "1942"]
[PlyCount "63"]
[EventDate "2010.11.14"]
[EventType "swiss"]
[EventRounds "9"]
[EventCountry "RUS"]
[SourceTitle "EXT 2022"]
[Source "ChessBase"]
[SourceDate "2021.10.06"]
[SourceVersion "1"]
[SourceVersionDate "2021.10.06"]
[SourceQuality "1"]

1. e4 d6 2. d4 g6 3. f4 Bg7 4. Nf3 Nd7 5. Be2 Ngf6 6. e5 Ne4 7. Nbd2 Nxd2 8. Qxd2 b6 9. 0-0 Bb7 10. Ng5 h6 11. Bf3 d5 12. Nxf7 Kxf7 13. f5 Kg8 14. fxg6 Nf8 15. Bh5 Bc8 16. Rf7 Be6 17. Qd3 c5 18. Bd2 Qd7 19. Raf1 cxd4 20. Bb4 Re8 21. Qf3 Qd8 22. Qa3 Nd7 23. Bxe7 Qc8 24. Bf6 Bxf6 25. exf6 Qc5 26. Rg7+ Kf8 27. Rxd7 Bxd7 28. Qxc5+ bxc5 29. g7+ Kg8 30. Bxe8 Bxe8 31. gxh8Q+ Kxh8 32. f7 1-0

[Event "Novokuznetsk-ch op"]
[Site "Novokuznetsk"]
[Date "2010.11.21"]
[Round "3"]
[White "Krapivina, Rimma"]
[Black "Morozov, Vasiliy"]
[Result "1/2-1/2"]
[WhiteElo "1942"]
[BlackElo "2052"]
[PlyCount "53"]
[EventDate "2010.11.14"]
[EventType "swiss"]
[EventRounds "9"]
[EventCountry "RUS"]
[SourceTitle "EXT 2022"]
[Source "ChessBase"]
[SourceDate "2021.10.06"]
[SourceVersion "1"]
[SourceVersionDate "2021.10.06"]
[SourceQuality "1"]

1. d4 Nf6 2. c4 g6 3. Nc3 d5 4. cxd5 Nxd5 5. e4 Nxc3 6. bxc3 Bg7 7. Bc4 c5 8. Ne2 Nc6 9. Be3 0-0 10. 0-0 cxd4 11. cxd4 Na5 12. Bd3 Bg4 13. f3 Be6 14. Qa4 Rc8 15. Rac1 a6 16. d5 Bd7 17. Qb4 b5 18. a4 Rb8 19. axb5 Bxb5 20. Bxb5 Rxb5 21. Qa4 e6 22. Rb1 exd5 23. Rxb5 axb5 24. Qxb5 Nc4 25. Bc5 Re8 26. Rd1 Qa8 27. Rxd5 1/2-1/2

[Event "Novokuznetsk-ch (Women)"]
[Site "Novokuznetsk"]
[Date "2010.09.18"]
[Round "7"]
[White "Krapivina, Rimma"]
[Black "Kuznetsova, Luba"]
[Result "1/2-1/2"]
[WhiteElo "1946"]
[BlackElo "2090"]
[PlyCount "103"]
[EventDate "2010.08.28"]
[EventType "swiss"]
[EventRounds "7"]
[EventCountry "RUS"]
[SourceTitle "EXT 2022"]
[Source "ChessBase"]
[SourceDate "2021.10.06"]
[SourceVersion "1"]
[SourceVersionDate "2021.10.06"]
[SourceQuality "1"]

1. d4 b6 2. e4 Bb7 3. Bd3 e6 4. Be3 Ne7 5. Nd2 g6 6. Ne2 Bg7 7. c3 d6 8. f3 Nd7 9. b4 0-0 10. Rb1 a5 11. b5 e5 12. d5 f5 13. Bg5 Qe8 14. c4 h6 15. Bxe7 Qxe7 16. exf5 gxf5 17. 0-0 Nc5 18. Bc2 Rae8 19. Nb3 Nxb3 20. Rxb3 Bc8 21. Ng3 Qh4 22. Qb1 Qg5 23. Qc1 Qh4 24. Bd3 Rf6 25. Qd2 h5 26. Re1 Bh6 27. Qf2 Bf4 28. Nf1 Qxf2+ 29. Kxf2 h4 30. g3 hxg3+ 31. hxg3 Bh6 32. Nh2 Kf7 33. Bc2 Bd7 34. Rh1 e4 35. f4 Bg7 36. Ke3 Rh6 37. Kf2 Reh8 38. Kg2 Bd4 39. Rbb1 Kf6 40. g4 fxg4 41. Bxe4 Bf5 42. Bxf5 Kxf5 43. Rbe1 Kxf4 44. Re7 R8h7 45. Rxh7 Rxh7 46. Rf1+ Kg5 47. Rf8 Be5 48. Rg8+ Rg7 49. Rf8 Bf4 50. Nf1 Re7 51. Rg8+ Kf5 52. Rf8+ 1/2-1/2

[Event "Novokuznetsk-ch (Women)"]
[Site "Novokuznetsk"]
[Date "2010.08.29"]
[Round "2"]
[White "Krapivina, Rimma"]
[Black "Lyashenko, Anna"]
[Result "0-1"]
[WhiteElo "1946"]
[BlackElo "1996"]
[PlyCount "106"]
[EventDate "2010.08.28"]
[EventType "swiss"]
[EventRounds "7"]
[EventCountry "RUS"]
[SourceTitle "EXT 2022"]
[Source "ChessBase"]
[SourceDate "2021.10.06"]
[SourceVersion "1"]
[SourceVersionDate "2021.10.06"]
[SourceQuality "1"]

1. d4 Nf6 2. c4 g6 3. Nc3 Bg7 4. e4 d6 5. Be2 0-0 6. Nf3 Nc6 7. Be3 e5 8. d5 Ne7 9. c5 Ng4 10. b4 Nxe3 11. fxe3 f5 12. 0-0 fxe4 13. Nxe4 Bf5 14. Ng3 e4 15. Nd4 Qd7 16. Rb1 dxc5 17. Ndxf5 gxf5 18. Bc4 b5 19. d6+ bxc4 20. dxe7 Qxe7 21. Qd5+ Kh8 22. bxc5 c3 23. Nxf5 Qg5 24. Qxe4 Rae8 25. Qc6 c2 26. Rbc1 Rd8 27. h4 Qg4 28. e4 Rd1 29. Rxc2 Rxf1+ 30. Kxf1 Qd1+ 31. Kf2 Qxc2+ 32. Kf3 Qd3+ 33. Kg4 h5+ 34. Kg5 Qd8+ 35. Kxh5 Qe8+ 36. Qxe8 Rxe8 37. Kg6 Bc3 38. g4 Rxe4 39. g5 Bd2 40. Kh5 Re5 41. Kg6 Rxc5 42. Nh6 Rc6+ 43. Kh5 Kh7 44. Nf5 Re6 45. Nd4 Ra6 46. Nf5 c5 47. Ne7 c4 48. g6+ Kg7 49. Nf5+ Kf8 50. a4 Ra5 51. Kg4 c3 52. h5 Rxf5 53. Kxf5 Kg7 0-1

[Event "Novokuznetsk-ch (Women)"]
[Site "Novokuznetsk"]
[Date "2009.09.27"]
[Round "6"]
[White "Krapivina, Rimma"]
[Black "Prokofieva, Eleonora"]
[Result "0-1"]
[WhiteElo "1958"]
[BlackElo "1894"]
[PlyCount "156"]
[EventDate "2009.09.22"]
[EventType "swiss"]
[EventRounds "7"]
[EventCountry "RUS"]
[SourceTitle "EXT 2022"]
[Source "ChessBase"]
[SourceDate "2021.10.06"]
[SourceVersion "1"]
[SourceVersionDate "2021.10.06"]
[SourceQuality "1"]

1. d4 f5 2. c4 e6 3. Nc3 Be7 4. Nf3 Nf6 5. g3 0-0 6. Bg2 a5 7. a3 Qe8 8. Bf4 d6 9. Qb3 a4 10. Qc2 Nh5 11. Bg5 Nf6 12. Rd1 h6 13. Bc1 Bd7 14. 0-0 Na6 15. Nd2 Rb8 16. e4 Nh7 17. f4 c5 18. d5 Bf6 19. Nf3 Bxc3 20. bxc3 fxe4 21. Qxe4 Nf6 22. Qc2 exd5 23. cxd5 Qf7 24. c4 b5 25. Nd2 b4 26. Be4 Nxe4 27. Qxe4 Bf5 28. Qf3 b3 29. Bb2 Qg6 30. Rde1 Bg4 31. Qc3 Bd7 32. Re7 Rf7 33. Rfe1 Rbf8 34. Nf3 Nb8 35. Nh4 Qc2 36. Rxf7 Rxf7 37. Qxc2 bxc2 38. Re2 g5 39. fxg5 hxg5 40. Ng2 Bf5 41. Ne3 Rb7 42. Bc1 Rb1 43. Re1 Bd3 44. Kf2 Nd7 45. g4 Ne5 46. h3 Kf7 47. Nf5 Bxf5 48. gxf5 Kf6 49. Ke3 Nxc4+ 50. Kd3 Nxa3 51. Re6+ Kxf5 52. Kd2 Ra1 53. Re8 Ra2 54. Kc3 Nb5+ 55. Kc4 Nd4 56. Rg8 Ra1 57. Rxg5+ Kf6 58. Rg1 Nb3 59. Bb2+ Kf5 60. Bxa1 c1Q+ 61. Rxc1 Nxc1 62. Bb2 Na2 63. h4 Nb4 64. Bg7 a3 65. h5 a2 66. Kb3 Kg5 67. h6 Kg6 68. Kb2 Nxd5 69. Kxa2 Nc7 70. Kb3 d5 71. Bf8 Ne6 72. Bd6 Kxh6 73. Be5 Kg6 74. Kc3 Kf5 75. Bd6 Ke4 76. Be7 d4+ 77. Kc4 d3 78. Kc3 Ke3 0-1

[Event "Novokuznetsk-ch (Women)"]
[Site "Novokuznetsk"]
[Date "2009.09.25"]
[Round "4"]
[White "Krapivina, Rimma"]
[Black "Zadorina, Nadezhda"]
[Result "1/2-1/2"]
[WhiteElo "1958"]
[BlackElo "2067"]
[PlyCount "67"]
[EventDate "2009.09.22"]
[EventType "swiss"]
[EventRounds "7"]
[EventCountry "RUS"]
[SourceTitle "EXT 2022"]
[Source "ChessBase"]
[SourceDate "2021.10.06"]
[SourceVersion "1"]
[SourceVersionDate "2021.10.06"]
[SourceQuality "1"]

1. d4 d5 2. c4 c6 3. e3 Nf6 4. Nc3 g6 5. Bd2 Bg7 6. a3 0-0 7. Nf3 Bg4 8. Be2 Nbd7 9. h3 Bf5 10. Nh4 Be6 11. c5 b6 12. b4 a5 13. 0-0 axb4 14. axb4 Qc7 15. Qc2 Rxa1 16. Rxa1 bxc5 17. bxc5 Ne4 18. Nxe4 dxe4 19. Qxe4 Nxc5 20. Qc2 Nb3 21. Ra6 Nxd2 22. Qxd2 Rb8 23. Qc2 Rb6 24. Rxb6 Qxb6 25. Nf3 Bf5 26. Qa2 c5 27. Qa8+ Bf8 28. dxc5 Qxc5 29. Nd4 Qc1+ 30. Kh2 Qc7+ 31. g3 Bd7 32. Bb5 Bc8 33. Qc6 Qxc6 34. Nxc6 1/2-1/2

[Event "Novokuznetsk-ch (Women)"]
[Site "Novokuznetsk"]
[Date "2009.09.24"]
[Round "3"]
[White "Kaidalina, Anna"]
[Black "Krapivina, Rimma"]
[Result "0-1"]
[WhiteElo "1928"]
[BlackElo "1958"]
[PlyCount "64"]
[EventDate "2009.09.22"]
[EventType "swiss"]
[EventRounds "7"]
[EventCountry "RUS"]
[SourceTitle "EXT 2022"]
[Source "ChessBase"]
[SourceDate "2021.10.06"]
[SourceVersion "1"]
[SourceVersionDate "2021.10.06"]
[SourceQuality "1"]

1. e4 d6 2. d4 Nd7 3. Nf3 g6 4. Bc4 Nb6 5. Bb3 Bg7 6. Ng5 e6 7. Qf3 Bf6 8. Nxf7 Kxf7 9. e5 Kg7 10. exf6+ Qxf6 11. Qc3 c6 12. h4 h6 13. g4 Nd5 14. g5 Qf5 15. Bxd5 exd5 16. gxh6+ Nxh6 17. Bxh6+ Rxh6 18. Nd2 Qg4 19. Qe3 Bd7 20. Qe7+ Kg8 21. f3 Qg3+ 22. Kd1 Bf5 23. Qxb7 Rc8 24. Qe7 Rh7 25. Qe1 Qf4 26. c3 Kf8 27. Qf2 Re8 28. Rc1 Bd3 29. Re1 Rxe1+ 30. Qxe1 Re7 31. Qh1 Re2 32. Nb3 Rf2 0-1

[Event "Novokuznetsk op"]
[Site "Novokuznetsk"]
[Date "2008.08.19"]
[Round "8"]
[White "Sinkin, Boris"]
[Black "Krapivina, Rimma"]
[Result "1-0"]
[WhiteElo "1977"]
[BlackElo "2017"]
[PlyCount "83"]
[EventDate "2008.08.12"]
[EventType "swiss"]
[EventRounds "9"]
[EventCountry "RUS"]
[SourceTitle "EXT 2022"]
[Source "ChessBase"]
[SourceDate "2021.10.06"]
[SourceVersion "1"]
[SourceVersionDate "2021.10.06"]
[SourceQuality "1"]

1. e4 e6 2. d4 Nf6 3. Bd3 d6 4. f4 Be7 5. Nd2 b6 6. Nh3 Bb7 7. Nf2 Nc6 8. c3 g6 9. Nf3 h5 10. Qc2 Ng4 11. Rf1 Nxf2 12. Rxf2 f5 13. Be3 Kf7 14. d5 exd5 15. exd5 Nb8 16. Bxf5 gxf5 17. Qxf5+ Ke8 18. Qg6+ Kd7 19. Qe6+ Ke8 20. Ng5 Qd7 21. Qg6+ Kd8 22. Nf7+ Kc8 23. Nxh8 Bxd5 24. Qxh5 Qe6 25. Re2 Bc4 26. Qh3 Qxh3 27. gxh3 Bxe2 28. Kxe2 Bf6 29. Ng6 c5 30. h4 Nd7 31. h5 Kc7 32. h6 Re8 33. h4 Kc6 34. Rg1 Nf8 35. Nxf8 Rxf8 36. h5 Rf7 37. Kf3 Kd5 38. Rg8 Kc4 39. Re8 a5 40. Ke4 Re7+ 41. Rxe7 Bxe7 42. Kf5 1-0